[Event "Wch U12 Girls"]
[Site "Batumi"]
[Date "2022.09.20"]
[Round "5"]
[White "Kholyavko, Mariya"]
[Black "Garcia Rodriguez, Laia"]
[Result "1-0"]
[WhiteElo "1421"]
[BlackElo "1742"]
[PlyCount "61"]
[EventDate "2022.09.16"]
[EventType "swiss"]
[EventRounds "11"]
[EventCountry "GEO"]
[SourceTitle "EXT 2023"]
[Source "ChessBase"]
[SourceDate "2022.10.05"]
[SourceVersion "1"]
[SourceVersionDate "2022.10.05"]
[SourceQuality "1"]

1. e4 c6 2. d4 d5 3. Nc3 dxe4 4. Nxe4 Nf6 5. Nxf6+ exf6 6. c3 Bd6 7. Bd3 0-0 8. Qc2 Re8+ 9. Ne2 h5 10. 0-0 h4 11. h3 Nd7 12. Be3 Nf8 13. Rad1 Bd7 14. Rfe1 Qc8 15. Nf4 Qc7 16. Qd2 b6 17. Nh5 Ng6 18. Bb1 Rad8 19. Qd3 f5 20. Bg5 Be7 21. Bxe7 Rxe7 22. Rxe7 Nxe7 23. Qe3 Nd5 24. Qg5 g6 25. c4 Nb4 26. a3 Na6 27. Re1 Be6 28. Rxe6 fxe6 29. Qxg6+ Kh8 30. Nf6 Qg7 31. Qh5+ 1-0

[Event "Wch U12 Girls"]
[Site "Batumi"]
[Date "2022.09.18"]
[Round "3"]
[White "Kholyavko, Mariya"]
[Black "Shubhi, Gupta"]
[Result "0-1"]
[WhiteElo "1421"]
[BlackElo "1733"]
[PlyCount "52"]
[EventDate "2022.09.16"]
[EventType "swiss"]
[EventRounds "11"]
[EventCountry "GEO"]
[SourceTitle "EXT 2023"]
[Source "ChessBase"]
[SourceDate "2022.10.05"]
[SourceVersion "1"]
[SourceVersionDate "2022.10.05"]
[SourceQuality "1"]

1. e4 e5 2. Nf3 Nc6 3. d4 exd4 4. Nxd4 Bc5 5. Nxc6 bxc6 6. Bd3 d6 7. Nc3 Nf6 8. 0-0 0-0 9. Na4 Bb6 10. c4 Bd4 11. Bc2 c5 12. Nc3 c6 13. Bg5 h6 14. Bh4 Rb8 15. Rb1 Be6 16. Qd3 Re8 17. b3 Be5 18. f4 Bd4+ 19. Kh1 Bf5 20. Rbe1 Nxe4 21. Nxe4 Qxh4 22. Qf3 d5 23. g3 Qg4 24. Qxg4 Bxg4 25. Nd2 Rxe1 26. Rxe1 Bc3 0-1

[Event "Wch U12 Girls"]
[Site "Batumi"]
[Date "2022.09.17"]
[Round "2"]
[White "Goriachkina, Oksana"]
[Black "Kholyavko, Mariya"]
[Result "0-1"]
[WhiteElo "1748"]
[BlackElo "1421"]
[PlyCount "130"]
[EventDate "2022.09.16"]
[EventType "swiss"]
[EventRounds "11"]
[EventCountry "GEO"]
[SourceTitle "EXT 2023"]
[Source "ChessBase"]
[SourceDate "2022.10.05"]
[SourceVersion "1"]
[SourceVersionDate "2022.10.05"]
[SourceQuality "1"]

1. d4 Nf6 2. c4 g6 3. Nc3 Bg7 4. e4 d6 5. Nf3 0-0 6. h3 e5 7. Be3 Nbd7 8. dxe5 Nxe5 9. Nxe5 dxe5 10. Qc2 Be6 11. Rd1 Qe7 12. Be2 c6 13. a3 b6 14. Qc1 Rfd8 15. 0-0 Nd7 16. Bg5 f6 17. Bh6 Nf8 18. Bxg7 Kxg7 19. Qe3 Bf7 20. Rfe1 Ne6 21. Rxd8 Rxd8 22. Bf1 Nd4 23. Rd1 a5 24. Kh1 Be6 25. Rc1 Nb3 26. Rc2 Nd4 27. Rc1 Nb3 28. Rd1 Rd4 29. Bd3 Qd8 30. Ne2 Rxc4 31. Bc2 Nd4 32. Bb3 c5 33. Bxc4 Bxc4 34. Nxd4 exd4 35. Qf4 b5 36. e5 f5 37. e6 Qe7 38. Qe5+ Kg8 39. Rc1 d3 40. Qb8+ Qf8 41. Qe5 Qe7 42. Qb8+ Kg7 43. Qe5+ Kh6 44. Qf4+ Qg5 45. Qxg5+ Kxg5 46. e7 Bf7 47. Re1 Be8 48. Kg1 c4 49. f3 b4 50. Kf2 c3 51. bxc3 bxc3 52. Ke3 d2 53. Ra1 Bb5 54. g3 Kf6 55. e8Q Bxe8 56. Kd3 Ba4 57. Kxc3 d1Q 58. Rxd1 Bxd1 59. f4 g5 60. Kd4 gxf4 61. gxf4 Kg6 62. Ke3 Kh5 63. Kf2 Kh4 64. Kg2 Bc2 65. Kh2 Be4 0-1

[Event "Motiva Online Blitz (Women)"]
[Site "Chess.com INT"]
[Date "2021.12.18"]
[Round "13"]
[White "Kholyavko, Mariya"]
[Black "Sikorova, Olga"]
[Result "0-1"]
[WhiteElo "1270"]
[BlackElo "2182"]
[PlyCount "72"]
[EventDate "2021.12.18"]
[EventType "swiss (blitz)"]
[EventRounds "13"]
[EventCountry "USA"]
[SourceTitle "CBM 205 Extra"]
[Source "ChessBase"]
[SourceDate "2022.01.31"]
[SourceVersion "1"]
[SourceVersionDate "2022.01.31"]
[SourceQuality "1"]

1. e4 e6 2. Nf3 d5 3. Nc3 d4 4. Ne2 c5 5. c3 dxc3 6. Nxc3 Nc6 7. d3 Nf6 8. Be3 b6 9. Be2 Bb7 10. 0-0 Be7 11. Qd2 0-0 12. Rad1 e5 13. Bg5 Qd6 14. Nh4 g6 15. Bh6 Rfd8 16. Nf5 Qd7 17. Nxe7+ Qxe7 18. Qg5 Nd4 19. f4 Ne6 20. Qg3 exf4 21. Qh3 Ba6 22. e5 Nd5 23. Ne4 Nd4 24. Bg4 Qxe5 25. Rfe1 Ne3 26. Rd2 f5 27. Bf3 fxe4 28. Bxe4 Bc8 29. Qh4 Rf8 30. Bxa8 Ne6 31. Rde2 g5 32. Qh5 Nd4 33. Bxf8 Kxf8 34. Qh6+ Ke8 35. Rd2 Bg4 36. Bc6+ Kd8 0-1

[Event "Kaspersky op U16"]
[Site "Tornelo INT"]
[Date "2021.04.02"]
[Round "3"]
[White "Kholyavko, Mariya"]
[Black "Nikolaeva, Nadezhda"]
[Result "0-1"]
[WhiteElo "1171"]
[BlackElo "1921"]
[PlyCount "106"]
[EventDate "2021.04.02"]
[EventType "swiss (blitz)"]
[EventRounds "11"]
[EventCountry "RUS"]
[SourceTitle "CBM 201 Extra"]
[Source "ChessBase"]
[SourceDate "2021.05.31"]
[SourceVersion "1"]
[SourceVersionDate "2021.05.31"]
[SourceQuality "1"]

1. e4 c5 2. Nf3 d6 3. d4 cxd4 4. Nxd4 Nf6 5. Nc3 Nc6 6. Bc4 Qb6 7. Nb3 e6 8. 0-0 Be7 9. Bg5 Qd8 10. Qd3 a6 11. a4 Ne5 12. Qe2 h6 13. Bxf6 Bxf6 14. Rad1 Nxc4 15. Qxc4 0-0 16. f4 Qb6+ 17. Kh1 Be7 18. a5 Qd8 19. Na4 Bd7 20. Nb6 Bb5 21. Qc3 Bxf1 22. Nxa8 Qxa8 23. Rxf1 Rc8 24. Qd3 Qb8 25. f5 exf5 26. exf5 Qc7 27. c3 Bf6 28. h3 Be5 29. Qe2 Qc6 30. Qg4 Bf6 31. Nd4 Qc5 32. Rd1 Qxa5 33. Nf3 Qb6 34. Qf4 Qxb2 35. Qxd6 Qxc3 36. Qf4 Qc7 37. Qe3 b5 38. Nd4 Qb6 39. Qf4 Rd8 40. Re1 Qxd4 41. Qf3 Qc3 42. Re3 Qc1+ 43. Kh2 Qc7+ 44. Kh1 b4 45. Rb3 a5 46. Re3 a4 47. Re1 b3 48. Rb1 b2 49. Qa3 Qc2 50. Rg1 b1Q 51. Rxb1 Qxb1+ 52. Kh2 Be5+ 53. g3 Rd2# 0-1